Daňové reformy na Slovensku z aspektu priamych daní

Vývoj legislatívy v ekonomickej sfére po novembri 1989 so zameraním na daňové reformy, a to najmä z aspektu daní z príjmov.

Salvato in:
Dettagli Bibliografici
Autore principale: Jarinkovičová, Valéria
Natura: Capitolo di libro
Lingua:slovacco
Soggetti:
Tags: Aggiungi Tag
Nessun Tag, puoi essere il primo ad aggiungerne!!

MARC

LEADER 00000naa a2200000 4500
001 0164505
005 20231207111606.0
041 0 |a slo 
044 |a SK 
245 1 0 |a Daňové reformy na Slovensku z aspektu priamych daní  |c Valéria Jarinkovičová 
520 |a Vývoj legislatívy v ekonomickej sfére po novembri 1989 so zameraním na daňové reformy, a to najmä z aspektu daní z príjmov. 
610 2 0 |a dane z príjmov 
610 2 0 |a Slovensko 
610 2 0 |a legislatíva 
610 2 0 |a reformy daňové 
610 2 0 |a dane priame 
100 1 |a Jarinkovičová, Valéria